Normal view
MARC view
Entry Personal Name
001 - CONTROL NUMBER
- control field: 1236402
003 - CONTROL NUMBER IDENTIFIER
- control field: OSt
005 - DATE AND TIME OF LATEST TRANSACTION
- control field: 20260430150100.0
008 - FIXED-LENGTH DATA ELEMENTS
- fixed length control field: 260430|| aca||aabn | a|a d
040 ## - CATALOGING SOURCE
- Original cataloging agency: OSt
- Transcribing agency: OSt
100 ## - HEADING--PERSONAL NAME
- Personal name: Kalwani Mukesh Au.; Mahlawat Shabnam Gu
670 ## - SOURCE DATA FOUND
- Source citation: Work cat.: (OSt)1848902: Kalwani Mukesh Au.; Mahlawat Shabnam Gu., Green Justice-Emerging Trends in India with Special Reference to models Adopted in Australia and New Zealand, 2022
